00674nam a22001577a 4500008004100000020001500041050001600056100002700072245006800099250001100167260004300178300002900221500002000250505022600270650002000496121101t xxu||||| |||| 00| 0 eng d a9988834381 aKRX2790.T11 aNsor-Ambala, Randolph. aA reference book for taxation in Ghana. /cRandolph Ambala-Nsor aVol. 1 bGraphic Packaging Ltd.:c2008.aAccra, a378 p. :bill. ;c24 cm. aIncludes index. aContents: General overview of taxation -- Sources and types of income -- Taxation of individuals -- Capital gains tax and gift tax -- The Commissioner tax administration and procedures -- Indirect taxes -- Tax management. aTaxationxGhana